[Event "Montreal Pere Noel op"]
[Site "Montreal"]
[Date "2005.12.29"]
[Round "4"]
[White "Charbonneau, Anne Marie"]
[Black "Gottlieb, Jonathan"]
[Result "0-1"]
[WhiteElo "1957"]
[BlackElo "2094"]
[PlyCount "99"]
[EventDate "2005.12.26"]
[EventType "swiss"]
[EventRounds "5"]
[EventCountry "CAN"]
[SourceTitle "EXT 2007"]
[Source "ChessBase"]
[SourceDate "2006.11.23"]
[SourceVersion "1"]
[SourceVersionDate "2006.11.23"]
[SourceQuality "1"]

1. d4 d5 2. c4 e6 3. Nc3 c5 4. cxd5 exd5 5. Nf3 Nc6 6. g3 Nf6 7. Bg2 Be7 8. 0-0 0-0 9. h3 c4 10. Ne5 Qc7 11. Bf4 Qb6 12. Nxd5 Nxd5 13. Bxd5 Nxe5 14. Bxe5 Bxh3 15. Bg2 Bxg2 16. Kxg2 Rfd8 17. d5 Bf6 18. Bxf6 Qxf6 19. e4 Qxb2 20. Rh1 h6 21. Rb1 Qe5 22. Qc2 f5 23. Qxc4 Rac8 24. Qa4 fxe4 25. Rxb7 e3 26. Qf4 Qxd5+ 27. Qf3 Qxf3+ 28. Kxf3 exf2 29. Kxf2 Rc2+ 30. Kf3 Rxa2 31. g4 Ra3+ 32. Ke4 Ra4+ 33. Ke5 Rxg4 34. Rxa7 Rg5+ 35. Ke6 Re8+ 36. Kd6 Rf8 37. Ra3 Rf6+ 38. Ke7 Re5+ 39. Kd7 Kh7 40. Ra8 Rb5 41. Kc7 Rc5+ 42. Kd7 Rd5+ 43. Kc7 Kg6 44. Rg1+ Rg5 45. Rh1 Rg4 46. Ra5 Rf5 47. Ra6+ Kg5 48. Ra8 g6 49. Ra6 h5 50. Kd7 0-1

[Event "Montreal Pere Noel op"]
[Site "Montreal"]
[Date "2004.12.27"]
[Round "2"]
[White "Cloutier, Mario"]
[Black "Charbonneau, Anne Marie"]
[Result "1-0"]
[WhiteElo "1981"]
[BlackElo "2072"]
[PlyCount "35"]
[EventDate "2004.12.??"]
[EventType "swiss"]
[EventRounds "5"]
[EventCountry "CAN"]
[SourceTitle "EXT 2006"]
[Source "ChessBase"]
[SourceDate "2005.11.24"]
[SourceVersion "1"]
[SourceVersionDate "2005.11.24"]
[SourceQuality "1"]

1. e4 c5 2. Nf3 e6 3. d4 cxd4 4. Nxd4 Nf6 5. Nc3 d6 6. f4 Be7 7. Be3 0-0 8. Qf3 a6 9. 0-0-0 Qc7 10. Rg1 Nc6 11. g4 Nxd4 12. Rxd4 e5 13. Rc4 Qd8 14. g5 Nd7 15. f5 f6 16. g6 b5 17. Qh5 h6 18. Bxh6 1-0

[Event "Agneaux St Lo (Women)"]
[Site "Agneaux"]
[Date "2004.07.08"]
[Round "1"]
[White "Benard, Anne Laurie"]
[Black "Charbonneau, Anne Marie"]
[Result "1-0"]
[WhiteElo "2074"]
[BlackElo "2030"]
[PlyCount "65"]
[EventDate "2004.07.08"]
[EventType "tourn"]
[EventRounds "9"]
[EventCountry "FRA"]
[SourceTitle "EXT 2005"]
[Source "ChessBase"]
[SourceDate "2004.11.15"]
[SourceVersion "1"]
[SourceVersionDate "2004.11.15"]
[SourceQuality "1"]

1. e4 c5 2. Nc3 Nc6 3. f4 g6 4. Nf3 Bg7 5. Bc4 e6 6. 0-0 Nge7 7. Qe1 Nd4 8. Qh4 Nxc2 9. Rb1 Nd4 10. d3 Nec6 11. Qg3 Nxf3+ 12. Rxf3 Nd4 13. Rf2 f5 14. Be3 0-0 15. e5 a6 16. Bxd4 cxd4 17. Ne2 b5 18. Bb3 Qb6 19. h4 Kf7 20. h5 d6 21. Re1 dxe5 22. fxe5 Bh6 23. Nf4 Bxf4 24. Qxf4 Bb7 25. Qh6 Rh8 26. Rxf5+ gxf5 27. Qf6+ Ke8 28. Qxh8+ Ke7 29. Qxh7+ Ke8 30. Qg6+ Ke7 31. h6 Qc6 32. Qg7+ Kd8 33. h7 1-0

[Event "Sherbrooke op-A"]
[Site "Sherbrooke"]
[Date "2004.05.30"]
[Round "5"]
[White "Charbonneau, Anne Marie"]
[Black "Bolduc, Steve"]
[Result "0-1"]
[WhiteElo "2081"]
[BlackElo "2295"]
[PlyCount "138"]
[EventDate "2004.05.??"]
[EventType "swiss"]
[EventRounds "5"]
[EventCountry "CAN"]
[SourceTitle "EXT 2005"]
[Source "ChessBase"]
[SourceDate "2004.11.15"]
[SourceVersion "1"]
[SourceVersionDate "2004.11.15"]
[SourceQuality "1"]

1. d4 Nf6 2. c4 e6 3. Nc3 Bb4 4. Qc2 Nc6 5. Nf3 d6 6. a3 Bxc3+ 7. Qxc3 Qe7 8. Bg5 h6 9. Bh4 e5 10. dxe5 dxe5 11. e3 a5 12. b3 Bf5 13. Be2 Rd8 14. 0-0 g5 15. Bg3 Ne4 16. Qb2 f6 17. Rfd1 h5 18. Rxd8+ Nxd8 19. h3 Nxg3 20. fxg3 0-0 21. Rd1 Nc6 22. Ne1 Bg6 23. Bf3 Rd8 24. Qc1 e4 25. Be2 Rxd1 26. Qxd1 Qxa3 27. Bxh5 Bxh5 28. Qxh5 Qa1 29. Kf1 Kg7 30. h4 Qe5 31. Qg4 Ne7 32. hxg5 fxg5 33. Nc2 Qf5+ 34. Qxf5 Nxf5 35. Kf2 Kf6 36. Na3 Ke5 37. Nb5 c6 38. Nc3 Nd6 39. Ke2 b5 40. cxb5 cxb5 41. g4 b4 42. Nd1 Kd5 43. Kd2 Kc5 44. Kc2 Kb5 45. Nf2 a4 46. Nh3 axb3+ 47. Kxb3 Nb7 48. Nxg5 Nc5+ 49. Kb2 Kc4 50. Nf7 Na4+ 51. Kb1 Nc3+ 52. Kb2 Nd1+ 53. Kb1 Nxe3 54. Ng5 Kd3 55. Kb2 Nc4+ 56. Kb3 e3 57. Kxb4 Ne5 58. Ne6 Ke4 59. Kc3 Nxg4 60. Ng5+ Kf4 61. Nf3 Kg3 62. Kd3 Kf2 63. Nd4 Ne5+ 64. Ke4 Nc6 65. Nf3 e2 66. Kd5 Kxg2 67. Ne1+ Kf1 68. Nf3 Kf2 69. Ke4 Ne5 0-1

[Event "Sherbrooke op-A"]
[Site "Sherbrooke"]
[Date "2004.05.30"]
[Round "4"]
[White "Papineau, Daniel"]
[Black "Charbonneau, Anne Marie"]
[Result "1/2-1/2"]
[WhiteElo "2035"]
[BlackElo "2081"]
[PlyCount "80"]
[EventDate "2004.05.??"]
[EventType "swiss"]
[EventRounds "5"]
[EventCountry "CAN"]
[SourceTitle "EXT 2005"]
[Source "ChessBase"]
[SourceDate "2004.11.15"]
[SourceVersion "1"]
[SourceVersionDate "2004.11.15"]
[SourceQuality "1"]

1. d4 Nf6 2. c4 e6 3. Nc3 d5 4. cxd5 exd5 5. Bg5 Be7 6. Qc2 c6 7. e3 0-0 8. Bd3 Nbd7 9. Nge2 Re8 10. f3 Nf8 11. Bh4 Ng6 12. Bf2 Be6 13. 0-0 Rc8 14. Kh1 Bd6 15. Rac1 Bb8 16. Bg1 Qd6 17. e4 dxe4 18. fxe4 Qd7 19. e5 Nd5 20. Qd2 Nb4 21. Bb1 Bxe5 22. Ne4 Bd6 23. Nxd6 Qxd6 24. Ng3 Nxa2 25. Rc5 a6 26. Ne4 Qe7 27. Rh5 f6 28. Ng3 Nb4 29. Nf5 Qf8 30. Qd1 Nd5 31. Qg4 Nde7 32. Nh6+ gxh6 33. Qxe6+ Qf7 34. Ba2 Qxe6 35. Bxe6+ Kg7 36. Bxc8 Rxc8 37. Ra1 Rc7 38. h3 Nf4 39. Rh4 Ne6 40. Rg4+ Kf7 1/2-1/2

[Event "Mauricie op"]
[Site "Trois Rivieres"]
[Date "2004.03.20"]
[Round "2"]
[White "Charbonneau, Anne Marie"]
[Black "Plante, Rejean"]
[Result "1/2-1/2"]
[WhiteElo "2053"]
[BlackElo "2196"]
[PlyCount "80"]
[EventDate "2004.03.??"]
[EventType "swiss"]
[EventRounds "5"]
[EventCountry "CAN"]
[SourceTitle "EXT 2005"]
[Source "ChessBase"]
[SourceDate "2004.11.15"]
[SourceVersion "1"]
[SourceVersionDate "2004.11.15"]
[SourceQuality "1"]

1. d4 d5 2. c4 c6 3. Nf3 e6 4. e3 f5 5. Nc3 Nf6 6. Bd3 Bd6 7. Qc2 Ne4 8. 0-0 0-0 9. b3 Bd7 10. Ne5 Qc7 11. Bb2 Be8 12. f3 Nxc3 13. Bxc3 Nd7 14. Qb2 Nxe5 15. dxe5 Be7 16. Qc2 g6 17. Kh1 Qb6 18. Qf2 Bc5 19. Bd4 f4 20. Bxc5 Qxc5 21. exf4 Qxf2 22. Rxf2 Rxf4 23. Rd2 Rd4 24. Rad1 Rd8 25. Bc2 Rxd2 26. Rxd2 c5 27. Be4 Bc6 28. f4 Kf7 29. cxd5 exd5 30. Kg1 Ke6 31. g3 Rf8 32. Bg2 Rd8 33. Kf2 b6 34. Bh3+ Ke7 35. Bg2 Ba8 36. Bf3 d4 37. Bxa8 Rxa8 38. Kf3 Ke6 39. Ke4 Rf8 40. g4 Rf7 1/2-1/2

[Event "Montreal Futurity 5th"]
[Site "Montreal"]
[Date "2004.01.06"]
[Round "5"]
[White "Charbonneau, Anne Marie"]
[Black "Yudasin, Leonid"]
[Result "0-1"]
[WhiteElo "2084"]
[BlackElo "2558"]
[PlyCount "82"]
[EventDate "2003.12.26"]
[EventType "schev"]
[EventRounds "10"]
[EventCountry "CAN"]
[SourceTitle "CBM 098 Extra"]
[Source "ChessBase"]
[SourceDate "2004.03.10"]
[SourceVersion "2"]
[SourceVersionDate "2004.03.10"]
[SourceQuality "1"]

1. d4 Nf6 2. c4 e6 3. Nc3 Bb4 4. Qc2 0-0 5. a3 Bxc3+ 6. Qxc3 b6 7. Bg5 Ba6 8. e3 d6 9. Nf3 Nbd7 10. Bd3 c5 11. d5 exd5 12. cxd5 Bxd3 13. Qxd3 Qe7 14. 0-0 Rfe8 15. Rfd1 h6 16. Bh4 Nf8 17. Qf5 Qe4 18. Qxe4 Nxe4 19. Nd2 g5 20. Nxe4 Rxe4 21. Bg3 Rd8 22. Re1 f5 23. f3 Re7 24. e4 f4 25. Bf2 Ng6 26. Rac1 Ne5 27. Red1 Rg7 28. h3 h5 29. Kf1 Kf7 30. Ke2 Rh8 31. Rh1 Rhh7 32. g4 Rg8 33. b3 hxg4 34. hxg4 Rgh8 35. Rxh7+ Rxh7 36. Bg1 Rh3 37. Rf1 Rg3 38. b4 Rg2+ 39. Bf2 c4 40. b5 Nd3 41. a4 Kf6 0-1

[Event "Montreal Futurity 5th"]
[Site "Montreal"]
[Date "2004.01.05"]
[Round "9"]
[White "Charbonneau, Anne Marie"]
[Black "Bolduc, Steve"]
[Result "1/2-1/2"]
[WhiteElo "2084"]
[BlackElo "2259"]
[PlyCount "33"]
[EventDate "2003.12.26"]
[EventType "schev"]
[EventRounds "10"]
[EventCountry "CAN"]
[SourceTitle "CBM 098 Extra"]
[Source "ChessBase"]
[SourceDate "2004.03.10"]
[SourceVersion "2"]
[SourceVersionDate "2004.03.10"]
[SourceQuality "1"]

1. d4 d5 2. c4 dxc4 3. Nf3 Nf6 4. e3 Bg4 5. h3 Bh5 6. Bxc4 e6 7. g4 Bg6 8. Ne5 Nfd7 9. Nxg6 hxg6 10. Bf1 Nc6 11. Bg2 e5 12. dxe5 Ndxe5 13. Qxd8+ Rxd8 14. Ke2 Nd3 15. Nc3 Bb4 16. Rd1 Nxc1+ 17. Raxc1 1/2-1/2

[Event "Montreal Bolduc-B 3rd"]
[Site "Montreal"]
[Date "2004.??.??"]
[Round "6"]
[White "Charbonneau, Anne Marie"]
[Black "Laframboise, Marc Andre"]
[Result "1/2-1/2"]
[WhiteElo "2048"]
[BlackElo "2094"]
[PlyCount "58"]
[EventDate "2004.03.??"]
[EventType "tourn"]
[EventRounds "9"]
[EventCountry "CAN"]
[SourceTitle "EXT 2006"]
[Source "ChessBase"]
[SourceDate "2005.11.24"]
[SourceVersion "1"]
[SourceVersionDate "2005.11.24"]
[SourceQuality "1"]

1. d4 d5 2. c4 c6 3. Nf3 Nf6 4. Nc3 e6 5. e3 Nbd7 6. Qc2 Bd6 7. b3 e5 8. cxd5 cxd5 9. Nb5 Bb4+ 10. Bd2 Bxd2+ 11. Nxd2 0-0 12. dxe5 Nxe5 13. Be2 Bg4 14. Bxg4 Nexg4 15. 0-0 Qa5 16. Nd4 Rac8 17. Qb2 Qc3 18. Qxc3 Rxc3 19. Rac1 Rfc8 20. Rxc3 Rxc3 21. h3 Ne5 22. Ne2 Rc2 23. Rc1 Rxc1+ 24. Nxc1 Ne4 25. Nb1 f5 26. Ne2 Nc6 27. f3 Nf6 28. Nbc3 Kf7 29. Kf2 Ke7 1/2-1/2

[Event "Montreal Futurity 5th"]
[Site "Montreal"]
[Date "2003.12.29"]
[Round "4"]
[White "Bolduc, Steve"]
[Black "Charbonneau, Anne Marie"]
[Result "1-0"]
[WhiteElo "2259"]
[BlackElo "2084"]
[PlyCount "99"]
[EventDate "2003.12.26"]
[EventType "schev"]
[EventRounds "10"]
[EventCountry "CAN"]
[SourceTitle "CBM 098 Extra"]
[Source "ChessBase"]
[SourceDate "2004.03.10"]
[SourceVersion "2"]
[SourceVersionDate "2004.03.10"]
[SourceQuality "1"]

1. d4 Nf6 2. c4 e6 3. Nc3 d5 4. e3 b6 5. Bd3 Bb7 6. Nf3 Be7 7. 0-0 0-0 8. cxd5 exd5 9. Ne5 c5 10. Qe2 a6 11. b3 Nbd7 12. Nxd7 Qxd7 13. dxc5 bxc5 14. Bb2 Qc6 15. Qf3 Ne4 16. Rfd1 Bf6 17. Rac1 Qe6 18. Na4 Bxb2 19. Nxb2 Rac8 20. Bxe4 dxe4 21. Qf4 Bd5 22. Qg5 f5 23. h4 c4 24. bxc4 Bxc4 25. Nxc4 Rxc4 26. Rxc4 Qxc4 27. Rd7 Qc3 28. g3 Qf6 29. Ra7 h6 30. Qf4 Qa1+ 31. Kg2 Qxa2 32. Qe5 Rf7 33. Ra8+ Rf8 34. Rxf8+ Kxf8 35. Qxf5+ Kg8 36. Qxe4 a5 37. Qc6 a4 38. e4 a3 39. e5 Qb2 40. e6 Qf6 41. h5 a2 42. Qa8+ Qf8 43. Qxa2 Qe8 44. Qd5 Kf8 45. Qd6+ Qe7 46. Qb8+ Qe8 47. Qxe8+ Kxe8 48. f4 Ke7 49. f5 Kf6 50. Kf3 1-0

[Event "Le Bolduc-B 2nd"]
[Site "Montreal"]
[Date "2003.09.24"]
[Round "2"]
[White "Charbonneau, Anne Marie"]
[Black "Trinh, Tri Bao"]
[Result "1/2-1/2"]
[WhiteElo "2052"]
[BlackElo "2045"]
[PlyCount "67"]
[EventDate "2003.09.??"]
[EventType "tourn"]
[EventRounds "11"]
[EventCountry "CAN"]
[SourceTitle "EXT 2006"]
[Source "ChessBase"]
[SourceDate "2005.11.24"]
[SourceVersion "1"]
[SourceVersionDate "2005.11.24"]
[SourceQuality "1"]

1. d4 Nf6 2. c4 c5 3. d5 b5 4. cxb5 a6 5. bxa6 g6 6. Nc3 Bxa6 7. e4 Bxf1 8. Kxf1 d6 9. Nf3 Bg7 10. h3 0-0 11. Kg1 Nbd7 12. Kh2 Qa5 13. Re1 Rfb8 14. Re2 Ne8 15. Rc2 Ra7 16. Bd2 Rab7 17. Qc1 Qa6 18. Bg5 Ne5 19. Qd2 Nd3 20. b3 Nb4 21. Rb2 Qd3 22. Qxd3 Nxd3 23. Rc2 Nb4 24. Rcc1 Nd3 25. Rc2 Nb4 26. Rcc1 Ra8 27. Nd2 Nd3 28. Rc2 Nb4 29. Rcc1 Nd3 30. Rc2 Nxf2 31. Rf1 Be5+ 32. g3 Nd3 33. a4 Nb4 34. Rcc1 1/2-1/2

[Event "Agneaux St Lo U18 op"]
[Site "Agneaux"]
[Date "2003.07.11"]
[Round "3"]
[White "Charbonneau, Anne Marie"]
[Black "Luch, Michal"]
[Result "0-1"]
[WhiteElo "2084"]
[BlackElo "2288"]
[PlyCount "76"]
[EventDate "2003.07.09"]
[EventType "swiss"]
[EventRounds "9"]
[EventCountry "FRA"]
[SourceTitle "CBM 095 Extra"]
[Source "ChessBase"]
[SourceDate "2003.09.04"]
[SourceVersion "1"]
[SourceVersionDate "2003.09.04"]
[SourceQuality "1"]

1. d4 Nf6 2. c4 e6 3. Nc3 d5 4. cxd5 exd5 5. Bg5 Be7 6. e3 0-0 7. Qc2 c6 8. Bd3 Nbd7 9. Nf3 Re8 10. 0-0 Nf8 11. h3 Be6 12. Ne5 N6d7 13. Bxe7 Qxe7 14. f4 f6 15. Nf3 Qd6 16. Rae1 c5 17. Qf2 a6 18. g4 b5 19. f5 Bf7 20. h4 c4 21. Bb1 b4 22. Nd1 a5 23. Qg2 a4 24. g5 Bh5 25. Rf2 a3 26. b3 cxb3 27. axb3 Rec8 28. Ba2 Rc1 29. Rd2 Re8 30. Ree2 Re4 31. Kf1 Rg4 32. Qh1 Rg3 33. Rf2 Qe7 34. Ke2 Qe4 35. Qf1 Qxf5 36. Qh1 Qe4 37. Qf1 f5 38. Qh1 f4 0-1

[Event "Agneaux St Lo U18 op"]
[Site "Agneaux"]
[Date "2003.07.10"]
[Round "2"]
[White "Laurent, Julien G"]
[Black "Charbonneau, Anne Marie"]
[Result "0-1"]
[WhiteElo "2219"]
[BlackElo "2084"]
[PlyCount "84"]
[EventDate "2003.07.09"]
[EventType "swiss"]
[EventRounds "9"]
[EventCountry "FRA"]
[SourceTitle "CBM 095 Extra"]
[Source "ChessBase"]
[SourceDate "2003.09.04"]
[SourceVersion "1"]
[SourceVersionDate "2003.09.04"]
[SourceQuality "1"]

1. Nf3 e6 2. c4 Nf6 3. b3 d5 4. Bb2 Be7 5. g3 0-0 6. Bg2 b6 7. 0-0 Bb7 8. d3 c5 9. cxd5 Nxd5 10. Nbd2 Bf6 11. Ne5 Qc7 12. Ndf3 Nc6 13. d4 Nxd4 14. Bxd4 cxd4 15. Qxd4 Nc3 16. Qe3 Bxf3 17. Bxf3 Qxe5 18. Bxa8 Nxe2+ 19. Kg2 Qxe3 20. fxe3 Bxa1 21. Bf3 Nxg3 22. hxg3 Be5 23. Rd1 g6 24. Rd7 Bb8 25. Rb7 Kg7 26. Be2 Kf6 27. Kf3 h5 28. Kf2 Kg5 29. Kg2 h4 30. g4 Kf6 31. a4 g5 32. Bf1 Ke5 33. Kf3 f5 34. Bc4 Bd6 35. Rg7 Kf6 36. Rh7 Kg6 37. Rxa7 e5 38. gxf5+ Kxf5 39. Bd3+ e4+ 40. Bxe4+ Ke5+ 41. Kg4 Kxe4 42. Rb7 Rg8 0-1

[Event "Wch U20 Girls"]
[Site "Nakhchivan"]
[Date "2003.06.26"]
[Round "5"]
[White "Charbonneau, Anne Marie"]
[Black "Mamedjarova, Turkan"]
[Result "1/2-1/2"]
[WhiteElo "2052"]
[BlackElo "2222"]
[PlyCount "80"]
[EventDate "2003.06.22"]
[EventType "swiss"]
[EventRounds "11"]
[EventCountry "AZE"]
[SourceTitle "EXT 2004"]
[Source "ChessBase"]
[SourceDate "2003.11.25"]
[SourceVersion "1"]
[SourceVersionDate "2003.11.25"]
[SourceQuality "1"]

1. d4 Nf6 2. c4 e6 3. Nc3 d5 4. cxd5 exd5 5. Bg5 Be7 6. e3 0-0 7. Qc2 h6 8. Bh4 c6 9. Bd3 Re8 10. Nf3 Ne4 11. Bg3 f5 12. Ne5 Bf6 13. Nxe4 fxe4 14. Be2 Bxe5 15. Bxe5 Nd7 16. Bg3 Qa5+ 17. Qd2 Qxd2+ 18. Kxd2 Nf6 19. h3 Be6 20. b4 Nd7 21. a4 a5 22. b5 c5 23. dxc5 Nxc5 24. Ra3 d4 25. Rb1 dxe3+ 26. Kxe3 Nd3 27. Rc3 Nb4 28. Bc4 Bxc4 29. Rxc4 Rad8 30. Rbc1 Rd3+ 31. Ke2 e3 32. Rc8 Rxc8 33. Rxc8+ Kh7 34. fxe3 Ra3 35. Be5 Nd5 36. Bd4 Rxa4 37. Rb8 Nf4+ 38. Kf3 Ne6 39. Ba7 Rb4 40. Rxb7 a4 1/2-1/2

[Event "Wch U20 Girls"]
[Site "Nakhchivan"]
[Date "2003.06.24"]
[Round "3"]
[White "Charbonneau, Anne Marie"]
[Black "Mahima, Rajmohan"]
[Result "1-0"]
[WhiteElo "2052"]
[BlackElo "2104"]
[PlyCount "129"]
[EventDate "2003.06.22"]
[EventType "swiss"]
[EventRounds "11"]
[EventCountry "AZE"]
[SourceTitle "EXT 2004"]
[Source "ChessBase"]
[SourceDate "2003.11.25"]
[SourceVersion "1"]
[SourceVersionDate "2003.11.25"]
[SourceQuality "1"]

1. d4 Nf6 2. c4 d6 3. Nc3 e5 4. Nf3 Nbd7 5. e4 Be7 6. Be2 c6 7. 0-0 0-0 8. Re1 Qc7 9. Bf1 Re8 10. Bg5 Nf8 11. Rc1 Bg4 12. d5 h6 13. Be3 g5 14. b4 a5 15. b5 c5 16. a4 b6 17. Be2 Bd7 18. Nd2 Ng6 19. g3 Kg7 20. Kg2 Qc8 21. Rh1 Bh3+ 22. Kg1 Rg8 23. Bf1 Bd7 24. Bg2 Ng4 25. Nf1 h5 26. h3 Nh6 27. Qd2 f6 28. h4 Nf7 29. hxg5 fxg5 30. Rxh5 Rh8 31. Rxh8 Qxh8 32. Nh2 Qh7 33. Nf3 Qh5 34. Kf1 g4 35. Ne1 Ng5 36. Ke2 Nh3 37. Kd3 Rf8 38. Kc2 Bg5 39. Nd3 Qh6 40. Bxg5 Qxg5 41. Qxg5 Nxg5 42. Rh1 Nh3 43. Nd1 Ng5 44. Kd2 Rh8 45. Rxh8 Kxh8 46. Ke2 Kg7 47. Ne3 Ne7 48. Ne1 Ng8 49. Kd3 Nh3 50. Bxh3 gxh3 51. Nf1 Kh6 52. f3 Nf6 53. Ke3 Nh5 54. Kf2 Nf6 55. g4 Nh7 56. Kg3 Ng5 57. Nh2 Nh7 58. Nd3 Ng5 59. Nf2 Kg6 60. Nxh3 Nxh3 61. Kxh3 Kg5 62. Kg3 Be8 63. Nf1 Bg6 64. Ne3 Bh7 65. Nf5 1-0

[Event "Wch U20 Girls"]
[Site "Nakhchivan"]
[Date "2003.06.23"]
[Round "2"]
[White "Morales Mendoza, Luciana"]
[Black "Charbonneau, Anne Marie"]
[Result "1-0"]
[WhiteElo "2051"]
[BlackElo "2052"]
[PlyCount "103"]
[EventDate "2003.06.22"]
[EventType "swiss"]
[EventRounds "11"]
[EventCountry "AZE"]
[SourceTitle "EXT 2004"]
[Source "ChessBase"]
[SourceDate "2003.11.25"]
[SourceVersion "1"]
[SourceVersionDate "2003.11.25"]
[SourceQuality "1"]

1. e4 c5 2. Nf3 e6 3. c3 Nf6 4. e5 Nd5 5. c4 Nc7 6. d4 d5 7. exd6 Bxd6 8. dxc5 Bxc5 9. Qxd8+ Kxd8 10. Nc3 Nc6 11. Bf4 f6 12. 0-0-0+ Bd7 13. Ne4 Be7 14. Bd6 b6 15. Be2 Bxd6 16. Nxd6 Ke7 17. Rhe1 e5 18. a3 Be6 19. b4 Rhd8 20. Nb5 Nxb5 21. cxb5 Rxd1+ 22. Bxd1 Nd8 23. Bc2 Rc8 24. Kb2 g6 25. Nd2 Nb7 26. a4 Nd6 27. f4 Nf7 28. g3 Rd8 29. Kc3 Rc8+ 30. Kb2 Bf5 31. Bb3 Be6 32. Bc2 Bf5 33. Bd1 Rd8 34. Nf3 Bg4 35. fxe5 Rxd1 36. exf6+ Kxf6 37. Rxd1 Bxf3 38. Rd7 Ne5 39. Rxa7 h5 40. a5 bxa5 41. bxa5 Ke6 42. Rc7 Kd6 43. b6 Nd3+ 44. Kc3 Nc5 45. Rf7 Be4 46. Kd4 Bd5 47. Rf6+ Ne6+ 48. Ke3 g5 49. Rh6 Kc5 50. Rxe6 Bc6 51. Re5+ Kb4 52. a6 1-0

[Event "Montreal Le Bolduc"]
[Site "Montreal"]
[Date "2003.04.08"]
[Round "9"]
[White "Charbonneau, Anne Marie"]
[Black "Cazelais, Marc"]
[Result "1/2-1/2"]
[WhiteElo "2052"]
[BlackElo "2097"]
[PlyCount "34"]
[EventDate "2003.??.??"]
[EventType "tourn"]
[EventRounds "9"]
[EventCountry "CAN"]
[SourceTitle "EXT 2005"]
[Source "ChessBase"]
[SourceDate "2004.11.15"]
[SourceVersion "1"]
[SourceVersionDate "2004.11.15"]
[SourceQuality "1"]

1. d4 Nf6 2. c4 e6 3. Nf3 d5 4. Bg5 Be7 5. Nc3 0-0 6. cxd5 exd5 7. e3 c6 8. Bd3 Nbd7 9. Qc2 Re8 10. 0-0 Nf8 11. h3 Be6 12. Rab1 Rc8 13. b4 a6 14. a4 Nh5 15. Bxe7 Qxe7 16. Qb2 Ng6 17. Rfc1 Qf6 1/2-1/2

[Event "Montreal Le Bolduc"]
[Site "Montreal"]
[Date "2003.04.01"]
[Round "8"]
[White "Bolduc, Steve"]
[Black "Charbonneau, Anne Marie"]
[Result "1-0"]
[WhiteElo "2202"]
[BlackElo "2052"]
[PlyCount "161"]
[EventDate "2003.??.??"]
[EventType "tourn"]
[EventRounds "9"]
[EventCountry "CAN"]
[SourceTitle "EXT 2005"]
[Source "ChessBase"]
[SourceDate "2004.11.15"]
[SourceVersion "1"]
[SourceVersionDate "2004.11.15"]
[SourceQuality "1"]

1. d4 f5 2. g3 Nf6 3. Bg2 e6 4. Nh3 d5 5. 0-0 Be7 6. b3 0-0 7. c4 c6 8. Bb2 Nbd7 9. Nf4 Nb8 10. Nd2 Qe8 11. f3 g5 12. Nd3 g4 13. Nf4 Na6 14. e3 Qf7 15. Qe2 Qg7 16. fxg4 Nxg4 17. Bf3 Bd7 18. e4 Bf6 19. e5 Be7 20. a3 Nc7 21. c5 Be8 22. h3 Nh6 23. Kh1 Kh8 24. Rg1 Rg8 25. Rg2 Qf8 26. Rag1 Bg5 27. Nd3 Bf7 28. Nf1 Qd8 29. Bc1 Nb5 30. Qb2 Qe7 31. a4 Nc7 32. b4 a6 33. Bxg5 Rxg5 34. Nf4 Rag8 35. Be2 Be8 36. Nd2 R5g7 37. Nb3 Qd8 38. Na5 Qc8 39. Qd2 Rf8 40. Qe3 Ng8 41. g4 Ne7 42. g5 Ng6 43. Qf2 Nxf4 44. Qxf4 Na8 45. h4 Qc7 46. Nb3 Qe7 47. Nd2 Nc7 48. Nf1 b5 49. cxb6 Na8 50. a5 Qxb4 51. Qd2 Qa4 52. Nh2 f4 53. Bf3 Bg6 54. Re2 Qb5 55. Rge1 Bf5 56. Rf2 c5 57. dxc5 Qxc5 58. Rc1 Qb5 59. Qc3 Be4 60. Qc5 Qe8 61. Qd6 Rd7 62. Qc6 Qf7 63. Bxe4 dxe4 64. Qxe4 Rd5 65. Qxf4 Qxf4 66. Rxf4 Rxf4 67. b7 Rd8 68. Rc8 Rff8 69. bxa8Q Rxc8 70. Qxa6 Rc1+ 71. Kg2 Rc2+ 72. Kg3 Rc3+ 73. Kg4 Rb3 74. Qxe6 Rb4+ 75. Kg3 Ra4 76. Qe7 Ra8 77. Qf6+ Kg8 78. Ng4 Ra3+ 79. Kf4 h5 80. Qg6+ Kf8 81. Qd6+ 1-0

[Event "CAN-ch U18"]
[Site "Shawinigan"]
[Date "2003.??.??"]
[Round "1"]
[White "Charbonneau, Anne Marie"]
[Black "Divljan, Igor"]
[Result "1-0"]
[WhiteElo "2052"]
[BlackElo "2221"]
[PlyCount "97"]
[EventDate "2003.??.??"]
[EventType "swiss"]
[EventRounds "7"]
[EventCountry "CAN"]
[SourceTitle "EXT 2005"]
[Source "ChessBase"]
[SourceDate "2004.11.15"]
[SourceVersion "1"]
[SourceVersionDate "2004.11.15"]
[SourceQuality "1"]

1. d4 Nf6 2. c4 e6 3. Nf3 b6 4. a3 Ba6 5. e3 c5 6. Be2 cxd4 7. Nxd4 Bb7 8. 0-0 Be7 9. b3 0-0 10. Bb2 a6 11. Nd2 d6 12. Bf3 Qc7 13. Rc1 Nbd7 14. Qc2 Rac8 15. Qb1 Nc5 16. Ba1 Rfe8 17. Rfd1 Bxf3 18. N2xf3 Qb7 19. Ne1 Rc7 20. Nd3 Rec8 21. Ne2 Nfd7 22. Nef4 b5 23. cxb5 axb5 24. Ne2 Qa6 25. Nxc5 Nxc5 26. b4 Nd7 27. Rxc7 Rxc7 28. Rc1 Rxc1+ 29. Qxc1 Nb6 30. Nc3 Nc4 31. Nb1 d5 32. Qc2 Bxb4 33. Bxg7 Nxa3 34. Nxa3 Qxa3 35. Bb2 Qa2 36. h3 Qc4 37. Qb1 Bf8 38. Qa1 Qc6 39. Qa7 Qc2 40. Qd4 Qb1+ 41. Kh2 Bd6+ 42. f4 Kf8 43. Qh8+ Ke7 44. Bf6+ Kd7 45. Qd8+ Kc6 46. Qc8+ Bc7 47. Be5 Kc5 48. Qxc7+ Kb4 49. Qxf7 1-0

[Event "CAN-ch U18"]
[Site "Shawinigan"]
[Date "2003.??.??"]
[Round "6"]
[White "Charbonneau, Anne Marie"]
[Black "Panjwani, Raja"]
[Result "0-1"]
[WhiteElo "2052"]
[BlackElo "2109"]
[PlyCount "154"]
[EventDate "2003.??.??"]
[EventType "swiss"]
[EventRounds "7"]
[EventCountry "CAN"]
[SourceTitle "EXT 2005"]
[Source "ChessBase"]
[SourceDate "2004.11.15"]
[SourceVersion "1"]
[SourceVersionDate "2004.11.15"]
[SourceQuality "1"]

1. d4 Nf6 2. c4 e6 3. Nf3 b6 4. a3 Ba6 5. Qc2 d5 6. cxd5 exd5 7. Bg5 Be7 8. Nbd2 h6 9. Bh4 0-0 10. e3 Bxf1 11. Nxf1 Ne4 12. Bxe7 Qxe7 13. N1d2 Rc8 14. Nxe4 Qxe4 15. Qxe4 dxe4 16. Nd2 f5 17. Ke2 c5 18. dxc5 Rxc5 19. Rac1 Nd7 20. Rxc5 Nxc5 21. Rc1 Rd8 22. Rc2 Ne6 23. Nb3 Kf7 24. Rd2 Rxd2+ 25. Kxd2 Kf6 26. Kc3 Ke5 27. Kc4 g5 28. Kb5 Nc7+ 29. Kc4 Ne6 30. Kb5 Nc7+ 31. Kc4 Ne8 32. Nd4 Nd6+ 33. Kb4 Kd5 34. a4 a6 35. b3 f4 36. g3 Nf7 37. Kc3 f3 38. Nc2 Ne5 39. Nb4+ Ke6 40. Kd4 Kf5 41. h3 h5 42. Kc3 a5 43. Nd5 Nd3 44. Nxb6 Nxf2 45. Nc4 Nxh3 46. b4 f2 47. Nd2 axb4+ 48. Kxb4 Ke6 49. Kb5 Kd7 50. Kb6 Kc8 51. a5 Ng1 52. Kc6 Nf3 53. Nf1 h4 54. gxh4 gxh4 55. a6 Kb8 56. Kd5 h3 57. Kxe4 h2 58. Kxf3 h1Q+ 59. Kxf2 Ka7 60. Ng3 Qh8 61. e4 Qe5 62. Kf3 Kxa6 63. Nf5 Kb6 64. Ne3 Kc5 65. Ng4 Qg5 66. e5 Kd5 67. Kg3 Ke6 68. Kf3 Kf5 69. Ne3+ Kxe5 70. Ng4+ Kd4 71. Nf2 Qf5+ 72. Ke2 Qf4 73. Nd1 Qe4+ 74. Kf1 Qf3+ 75. Ke1 Qg2 76. Nf2 Ke3 77. Nd1+ Kf3 0-1